Search the Library Catalogue
| 000 -LEADER | |
|---|---|
| fixed length control field | 01069nam a2200169Ia 4500 |
| 008 - FIXED-LENGTH DATA ELEMENTS--GENERAL INFORMATION | |
| fixed length control field | 260302s9999 xx 000 0 und d |
| 020 ## - INTERNATIONAL STANDARD BOOK NUMBER | |
| ISBN | 9780714649078 |
| 082 ## - DEWEY DECIMAL CLASSIFICATION NUMBER | |
| Classification number | 338.910409 |
| Item number | SCH |
| 100 ## - MAIN ENTRY--AUTHOR NAME | |
| Personal name | Schiffler, Manuel |
| 245 #0 - TITLE STATEMENT | |
| Title | The Economics of Groundwater Management in Arid Countries / |
| Statement of responsibility, etc | Schiffler, Manuel |
| 260 ## - PUBLICATION, DISTRIBUTION, ETC. (IMPRINT) | |
| Name of publisher | Psychology Press, |
| Year of publication | 1998 |
| 300 ## - PHYSICAL DESCRIPTION | |
| Number of Pages | 436 pages |
| 520 ## - SUMMARY, ETC. | |
| Summary, etc | Formerly with the Germany Development Institute and now with the World Bank, Schiffler questions whether limited groundwater should be protected from depletion in all cases, and how it can best be allocated. He undertakes an economic analysis, considers political and hydrological aspects, presents various methods for assessing economic value and a framework for analyzing transfers of water to cities, examines eight types of management policy instruments, and applies it all to the Middle Eastern country. Distributed in the US by ISBS. Annotation copyrighted by Book News, Inc., Portland, OR |
| 650 ## - SUBJECT ADDED ENTRY--TOPICAL TERM | |
| Topical Term | Business & Economics |
| 942 ## - ADDED ENTRY ELEMENTS (KOHA) | |
| Koha item type | English Books |
| Withdrawn status | Lost status | Damaged status | Not for loan | Home library | Current library | Shelving location | Date acquired | Full call number | Accession Number | Price effective from | Koha item type |
|---|---|---|---|---|---|---|---|---|---|---|---|
| Anna Centenary Library | Anna Centenary Library | 4TH FLOOR, A WING | 02.03.2026 | 338.910409 SCH | 182026 | 02.03.2026 | English Books |